ნორმალური ფორმატი
MARC ფორმატი
ჩანაწერი Personal Name
ჩანაწერთა რაოდენობა, რომელიც გამოყენებულია: 2
001 - CONTROL NUMBER
- control field: 13948
003 - CONTROL NUMBER IDENTIFIER
- control field: GE_BSU
005 - DATE AND TIME OF LATEST TRANSACTION
- control field: 20220602120541.0
008 - FIXED-LENGTH DATA ELEMENTS
- fixed length control field: 220602|| aca||aabn | a|a d
040 ## - CATALOGING SOURCE
- Original cataloging agency: GE_BSU
- Transcribing agency: GE_BSU
100 ## - HEADING--PERSONAL NAME
- Personal name: ბერდიაევი, ნიკოლაი
670 ## - SOURCE DATA FOUND
- Source citation: Work cat.: (GE_BSU): ბერდიაევი, ნიკოლაი, სისასტიკისა და ტკივილის შესახებ ; მკვლელობა და სიკვდილით დასჯა ; დემოკრატია და პიროვნება ; დემოკრატია, სოციალიზმი და თეოკრატია ; ყოფიერება, თავისუფლება, ღმერთი /
